Nonlinear optical transmission and multiphoton processes in organics II : 5-6 August 2004, Denver, Colorado, USA /

Bibliographic Details
Corporate Author: Society of Photo-optical Instrumentation Engineers
Other Authors: Yeates, Alan T., 1955-
Format: Book
Language:English
Published: Bellingham, Washington : SPIE, [2004]
Series:Proceedings of SPIE--the International Society for Optical Engineering ; v. 5516.
Subjects:
Online Access:https://www.spiedigitallibrary.org/conference-proceedings-of-SPIE/5516.toc

MARC

Tag First Indicator Second Indicator Subfields
LEADER 00000cam a2200000 a 4500
001 in00002017513
005 20230724202918.8
008 041117s2004 waua b 101 0 eng d
020 |a 0819454540 
035 |a (OCoLC)ocm56983210 
040 |a LHL  |c LHL  |d TXA  |d UtOrBLW 
049 |a TXAM 
090 |a QC446.15  |b .N6456 2004 
245 0 0 |a Nonlinear optical transmission and multiphoton processes in organics II :  |b 5-6 August 2004, Denver, Colorado, USA /  |c A. Todd Yeates, chair/editor ; sponsored and published by SPIE--the International Society for Optical Engineering. 
246 3 0 |a Nonlinear optical transmission and multiphoton processes in organics two 
246 3 |a Nonlinear optical transmission and multiphoton processes in organics 2 
264 1 |a Bellingham, Washington :  |b SPIE,  |c [2004] 
264 4 |c ©2004 
300 |a v, 118 pages :  |b illustrations ;  |c 28 cm. 
336 |a text  |b txt  |2 rdacontent 
337 |a unmediated  |b n  |2 rdamedia 
338 |a volume  |b nc  |2 rdacarrier 
490 1 |a Proceedings / SPIE--the International Society for Optical Engineering ;  |v v. 5516 
504 |a Includes bibliographical references and index. 
650 0 |a Nonlinear optics  |x Materials  |v Congresses. 
650 0 |a Nonlinear optics  |x Industrial applications  |v Congresses. 
650 0 |a Multiphoton processes  |v Congresses. 
650 0 |a Optical materials  |v Congresses. 
650 0 |a Organic compounds  |x Optical properties  |v Congresses. 
700 1 |a Yeates, Alan T.,  |d 1955- 
710 2 |a Society of Photo-optical Instrumentation Engineers. 
830 0 |a Proceedings of SPIE--the International Society for Optical Engineering ;  |v v. 5516. 
856 4 1 |u https://www.spiedigitallibrary.org/conference-proceedings-of-SPIE/5516.toc  |t 0 
948 |a cataloged  |b h  |c 2004/12/10  |d c  |e dmitchel  |f 9:10:20 pm 
994 |a E0  |b TXA 
999 |a MARS 
999 f f |s 871fc5fa-2037-3e89-9c27-ad6d1cae364d  |i 64933050-cf24-3fd8-bef5-ae93029a6d2b  |t 0 
952 f f |p ric  |a Texas A&M University  |b Rellis Campus  |c Joint Library Facility  |d Remote Storage  |t 0  |e QC446.15 .N6456 2004  |h Library of Congress classification  |i unmediated -- volume  |m A14831641161 
998 f f |a QC446.15 .N6456 2004  |t 0  |l Remote Storage